000 01195nam a2200133Ia 4500
008 220615s9999||||xx |||||||||||||| ||und||
020 _a9783040000000
245 0 _aNatural Background Levels in Groundwater
546 _aEnglish[eng]
650 _aambient background values||probability plot||modified Lepeltier method||pre-selection method||LOQ||groundwater body||Croatia||natural background levels||software implementation||parameters estimation||statistical methods||component separation method||groundwater quality||groundwater level||geostatistics||t-test||spatial distribution modeling||natural background||conceptual model||preselection||nitrates||confidence level||arsenic||sites under remediation||site-specific data||Ferrara||trace metals||Lanzo Massif||ultramafic rocks||ophiolites||chromium||hexavalent chromium||nickel||neutral mine drainage||groundwater||Italian guidelines||cadmium||copper||zinc||Denmark||natural background level||water quality||anthropogenic pressure||trace element||groundwater monitoring||n/a
700 _aPreziosi, Elisabetta||Rotiroti, Marco||Condesso de Melo, M. Teresa||Hinsby, Klaus
856 _uhttps://mdpi.com/books/pdfview/book/5292
942 _cEB
999 _c10827
_d10827